[Event "Iberoamerican-ch 8th"]
[Site "Mexico City"]
[Date "2022.02.13"]
[Round "2"]
[White "Hernandez Jimenez, Alexander Andres"]
[Black "Rolandi Rodriguez, Dario"]
[Result "1/2-1/2"]
[WhiteElo "2167"]
[BlackElo "1356"]
[PlyCount "67"]
[EventDate "2022.02.12"]
[EventType "swiss"]
[EventRounds "9"]
[EventCountry "MEX"]
[SourceTitle "CBM 206 Extra"]
[Source "ChessBase"]
[SourceDate "2022.03.31"]
[SourceVersion "1"]
[SourceVersionDate "2022.03.31"]
[SourceQuality "1"]

1. e4 e5 2. Nf3 Nc6 3. Bc4 Bc5 4. c3 Nf6 5. d3 d6 6. 0-0 a6 7. d4 Ba7 8. dxe5 Nxe5 9. Nxe5 dxe5 10. Qxd8+ Kxd8 11. Nd2 Ke7 12. b3 b5 13. Be2 Bb7 14. a4 Bc6 15. Nf3 Nd7 16. Ba3+ Kf6 17. axb5 axb5 18. c4 bxc4 19. Bxc4 Bxe4 20. Rad1 Rhd8 21. Bb2 Bxf3 22. gxf3 Bc5 23. f4 Bd4 24. Bxd4 exd4 25. Rxd4 Nb6 26. Rfd1 Rxd4 27. Rxd4 Nxc4 28. Rxc4 Ra7 29. Kg2 Rb7 30. b4 Ke6 31. Rc6+ Kd7 32. Rc4 Kd6 33. Kf3 c6 34. Ke4 1/2-1/2